| 000 | 00775nam a2200241Ia 4500 | ||
|---|---|---|---|
| 003 | OSt | ||
| 005 | 20220927105335.0 | ||
| 006 | a|||||r|||| 00| 0 | ||
| 007 | ta | ||
| 008 | 220926b |||||||| |||| 00| 0 eng d | ||
| 024 | _a190571 | ||
| 037 | _cReference Collections | ||
| 040 |
_aRTL _cRTL _beng |
||
| 041 |
_2eng _aeng |
||
| 082 | _a"T2:3.2.N7, L0" | ||
| 100 |
_aROY Bina _9371802 |
||
| 245 | 0 | _aRelationship between the measures of success of teachers as students under training and as teachers in schools | |
| 260 |
_aDelhi _bCentral Institute of Education _c1970 |
||
| 300 |
_a146p _ccm. |
||
| 500 | _aBibliography: P i-v; Appendix: P A-G | ||
| 942 |
_h"T2:3.2.N7, L0" _cCC |
||
| 999 |
_c691972 _d691972 |
||